Ecology (Record no. 49792)
[ view plain ]
| 000 -LEADER | |
|---|---|
| fixed length control field | 00305nam a22001457a 4500 |
| 020 ## - INTERNATIONAL STANDARD BOOK NUMBER | |
| International Standard Book Number | 9789327259957 |
| 082 ## - DEWEY DECIMAL CLASSIFICATION NUMBER | |
| Classification number | 574.5R16E |
| Item number | 49556 |
| 100 ## - MAIN ENTRY--PERSONAL NAME | |
| Personal name | Raj Manideep |
| 245 ## - TITLE STATEMENT | |
| Title | Ecology |
| 260 ## - PUBLICATION, DISTRIBUTION, ETC. (IMPRINT) | |
| Place of publication, distribution, etc | New Delhi |
| Name of publisher, distributor, etc | Kalyani Publishers |
| 300 ## - PHYSICAL DESCRIPTION | |
| Extent | 752 |
| 365 ## - TRADE PRICE | |
| Price note | 425 |
| 650 ## - SUBJECT ADDED ENTRY--TOPICAL TERM | |
| Topical term or geographic name as entry element | Ecology |
| 942 ## - ADDED ENTRY ELEMENTS (KOHA) | |
| Source of classification or shelving scheme | |
| Koha item type | Books |
No items available.